First rural one-stop shop (Record no. 72338)

MARC details
000 -LEADER
fixed length control field 00879cam a2200205 4500
001 - CONTROL NUMBER
control field WB3912-18
008 - FIXED-LENGTH DATA ELEMENTS--GENERAL INFORMATION
fixed length control field 030325n2003 000 0 eng u
035 ## - SYSTEM CONTROL NUMBER
System control number (Sirsi) u121717
245 ## - TITLE STATEMENT
Title First rural one-stop shop
260 ## - PUBLICATION, DISTRIBUTION, ETC.
Date of publication, distribution, etc. 2003
490 ## - SERIES STATEMENT
Series statement DEFRA News Release
Volume/sequential designation (103/03) 24 March 2003 (2)
520 ## - SUMMARY, ETC.
Summary, etc. England's first centre to put a wide range of rural services under one roof was opened at Waters Upton, Shropshire. The project was supported by the Countryside Agency, which gave government funding of £250 000 to develop the centre as its first national demonstration project. http://www.gnn.gov.uk/gnn/national.nsf/Daily+News/5411510B347E732480256CF300402471?opendocument
590 ## - LOCAL NOTE (RLIN)
Local note WB
650 ## - SUBJECT ADDED ENTRY--TOPICAL TERM
Topical term or geographic name entry element RURAL SERVICES
650 ## - SUBJECT ADDED ENTRY--TOPICAL TERM
Topical term or geographic name entry element RURAL COMMUNITIES
650 ## - SUBJECT ADDED ENTRY--TOPICAL TERM
Topical term or geographic name entry element COUNTRYSIDE AGENCY
650 ## - SUBJECT ADDED ENTRY--TOPICAL TERM
Topical term or geographic name entry element GOVERNMENT FUNDING
690 ## - LOCAL SUBJECT ADDED ENTRY--TOPICAL TERM (OCLC, RLIN)
Topical term or geographic name as entry element Rural
9 (RLIN) 6268
942 ## - ADDED ENTRY ELEMENTS (KOHA)
Suppress in OPAC 0
Holdings
Withdrawn status Lost status Source of classification or shelving scheme Damaged status Not for loan Home library Current library Shelving location Date acquired Total Checkouts Full call number Barcode Date last seen Copy number Price effective from Koha item type
    Dewey Decimal Classification     London London News article 25/03/2003   WB3912-18 121717-1001 06/08/2019 1 06/08/2019 News article